000 00755nam a2200241Ia 4500
003 OSt
005 20220925233737.0
006 a|||||r|||| 00| 0
007 ta
008 220923b |||||||| |||| 00| 0 eng d
020 _a8170413656
_c850
037 _b5284, 19/03/2014, RAJKIRAN BOOK AGENCY
_cGeneral Book
040 _aRTL
_cRTL
_beng
041 _2eng
_aeng
082 _aX9-8, N1
100 _aPREM KUMAR
_9299353
245 0 _aEconomic and business policy manangement.
260 _a New Delhi
_bAnmol Publications
_c1991
300 _aviii,360p.
_ccm.
700 _a GHOSH Asit K.
_9299354
942 _hX9-8, N1
_cGB
_2CC
999 _c594454
_d594454